Normal view
MARC view
Entry Personal Name
001 - CONTROL NUMBER
- control field: 71390
003 - CONTROL NUMBER IDENTIFIER
- control field: dpl
005 - DATE AND TIME OF LATEST TRANSACTION
- control field: 20240910124646.0
008 - FIXED-LENGTH DATA ELEMENTS
- fixed length control field: 240910|| aca||aabn | a|a d
040 ## - CATALOGING SOURCE
- Original cataloging agency: dpl
- Transcribing agency: dpl
100 ## - HEADING--PERSONAL NAME
- Personal name: मालिक,राजेन्द्र कुमार
670 ## - SOURCE DATA FOUND
- Source citation: Work cat.: (dpl)205750: मालिक,राजेन्द्र कुमार, भारतीय रेलवे का नवीनीकरण /, 2021
